| 000 | 00475nam a2200169 a 4500 | ||
|---|---|---|---|
| 001 | 6780 | ||
| 003 | CO-ViMGA | ||
| 008 | 141112s2004 ck r 000 u spa d | ||
| 040 |
_aCO-ViMGA _bspa _cCO-ViMGA |
||
| 082 | 0 | 4 | _a304.2 P174 |
| 100 | 1 |
_aPatiño, Anibal _95720 |
|
| 245 | 1 | 0 |
_aEcología y compromiso social : _bitinerario de una lucha |
| 260 |
_aBogotá : _bCerec, _c1991 |
||
| 300 | _a342 p | ||
| 650 | 1 | 4 |
_aECOLOGIA COLOMBIANA - ASPECTOS SOCIALES _95721 |
| 942 |
_2ddc _cBK |
||
| 999 |
_c18749 _d18749 |
||